1945 1179 1785 1702 1010 1506 1302 1918 1692 1050 1931 1441 1049 1196 1026 1893 1037 1794 1631 1273 1238 1581 1817 1284 1561 1813 1196 1251 1327 1438 1179 1324 1404 1038 1615 1676 1092 1393 1754 1416 1010 1805 1483 1453 1504 1163 1222 1900 1607 1661 1250 1073 1593 1251 1143 1661 1896 1361 1523 1188 1706 1710 1839 1555 1548 1666 1552 1140 1207 1492 1058 1505 1619 1333 1681 1168 1873 1314 1487 1157 1084 1834 1564 1782 1366 1121 1426 1379 1492 1186 1234 1559 1232 1819 1743 1755 1799 1464 1563 BCNSPRNW ULIB Ver.6.0+V

เปลี่ยนเป็นภาษาไทย

Change to English
 แสดงรายละเอียดบรรณานุกรม
  กลับหน้าหลัก

Brief Record : Get Marc (ISO 2709) : E-mail record : QR code < ปิดหน้าต่าง
LEADER : 00000nam 2200000uu 4500
001    13399120834
003     ULIB
008    121018s2548||||th 000 0 tha d
060  4 ^aQZ200^bส984ค
110 1  ^aกระทรวงสาธารณสุข^bกรมการแพทย์^bสถาบันมะเร็งแห่งชาติ^bศูนย์มะเร็งลพบุรี
245 00 ^aคู่มือโรคมะเร็งลำไส้ใหญ่และทวารหนัก/^cศูนย์มะเร็งลพบุรี
250    ^aพิมพ์ครั้งที่ 1
260    ^aลพบุรี:^bศูนย์มะเร็ง ลพบุรี,^c2548
300    ^a30 หน้า:^bภาพประกอบ
650  7 ^aการดูแลตนเอง^xผู้ป่วยมะเร็ง
945    ^p0^l0^i24311
945    ^p0^l0^i24096
945    ^p0^l0^i24097
945    ^p0^l0^i24098
945    ^p0^l0^i24099
945    ^p0^l0^i24100
945    ^p0^l0^i24101
945    ^p0^l0^i24102
945    ^p0^l0^i24103
995    ^aทศพร
999    ^aกัณชพร
รายการนี้ยังไม่มีแท็ก
คุณยังไม่ได้ล็อกอิน คุณสามารถมีกิจกรรมร่วมกับเว็บไซต์ได้ แต่ต้องล็อกอินก่อน ::
  ล็อกอิน

รายการสื่อสารสนเทศ

ลำดับที่ ประเภท เลขเรียก/บาร์โค้ด สถานที่ สถานะ
1. วิทยาศาสตร์การแพทย์ และสุขภาพ
วิทยาศาสตร์การแพทย์ และสุขภาพ
QZ200 ส984ค ฉ.1 
  Barcode: 24096
ห้องสมุดวิทยาเขตสวรรค์ประชารักษ์
►หนังสือทั่วไป
ถูกยืม กำหนดส่งวันที่ 11 พฤษภาคม 2558
  จอง
2. วิทยาศาสตร์การแพทย์ และสุขภาพ
วิทยาศาสตร์การแพทย์ และสุขภาพ
QZ200 ส984ค ฉ.2 
  Barcode: 24097
ห้องสมุดวิทยาเขตสวรรค์ประชารักษ์
►หนังสือทั่วไป
ถูกยืม กำหนดส่งวันที่ 11 พฤษภาคม 2558
  จอง
3. วิทยาศาสตร์การแพทย์ และสุขภาพ
วิทยาศาสตร์การแพทย์ และสุขภาพ
QZ200 ส984ค ฉ.3 
  Barcode: 24098
ห้องสมุดวิทยาเขตสวรรค์ประชารักษ์
►หนังสือทั่วไป
ถูกยืม กำหนดส่งวันที่ 11 พฤษภาคม 2558
  จอง
4. วิทยาศาสตร์การแพทย์ และสุขภาพ
วิทยาศาสตร์การแพทย์ และสุขภาพ
QZ200 ส984ค ฉ.4 
  Barcode: 24099
ห้องสมุดวิทยาเขตสวรรค์ประชารักษ์
►หนังสือทั่วไป
ถูกยืม กำหนดส่งวันที่ 11 พฤษภาคม 2558
  จอง
5. วิทยาศาสตร์การแพทย์ และสุขภาพ
วิทยาศาสตร์การแพทย์ และสุขภาพ
QZ200 ส984ค ฉ.5 
  Barcode: 24100
ห้องสมุดวิทยาเขตสวรรค์ประชารักษ์
►หนังสือทั่วไป
ถูกยืม กำหนดส่งวันที่ 11 พฤษภาคม 2558
  จอง
6. วิทยาศาสตร์การแพทย์ และสุขภาพ
วิทยาศาสตร์การแพทย์ และสุขภาพ
QZ200 ส984ค ฉ.6 
  Barcode: 24101
ห้องสมุดวิทยาเขตสวรรค์ประชารักษ์
►หนังสือทั่วไป
ถูกยืม กำหนดส่งวันที่ 11 พฤษภาคม 2558
  จอง
7. วิทยาศาสตร์การแพทย์ และสุขภาพ
วิทยาศาสตร์การแพทย์ และสุขภาพ
QZ200 ส984ค ฉ.7 
  Barcode: 24102
ห้องสมุดวิทยาเขตสวรรค์ประชารักษ์
►หนังสือทั่วไป
ถูกยืม กำหนดส่งวันที่ 11 พฤษภาคม 2558
  จอง
8. วิทยาศาสตร์การแพทย์ และสุขภาพ
วิทยาศาสตร์การแพทย์ และสุขภาพ
QZ200 ส984ค ฉ.8 
  Barcode: 24103
ห้องสมุดวิทยาเขตสวรรค์ประชารักษ์
►หนังสือทั่วไป
บนชั้น
9. วิทยาศาสตร์การแพทย์ และสุขภาพ
วิทยาศาสตร์การแพทย์ และสุขภาพ
QZ200 ส984ค ฉ.9 
  Barcode: 24311
ห้องสมุดวิทยาเขตสวรรค์ประชารักษ์
►หนังสือทั่วไป
ถูกยืม กำหนดส่งวันที่ 11 พฤษภาคม 2558
  จอง

BibComment


ยังไม่เคยถูกคอมเมนท์

คอมเมนท์ทรัพยากรรายการนี้
  คอมเมนท์: คู่มือโรคมะเร็งล..


 Copyright 2026. Bcnsprnw @Library